Toronto Raptors 2025-2026 Roster - Statistics

General Stats
  • This quiz has been taken 48 times
    32 since last reset
  • The average score is 15 of 18
Answer Stats
Jersey # Pos Answer % Correct
5 G Immanuel Quickley
100%
9 F-G RJ Barrett
100%
4 F-G Scottie Barnes
100%
3 F Brandon Ingram
96%
12 F Collin Murray-Boyles
96%
19 C Jakob Poeltl
96%
23 G Jamal Shead
96%
77 F Jamison Battle
96%
54 F-C Sandro Mamukelashvili
96%
14 G Ja'Kobe Walter
92%
1 G-F Gradey Dick
88%
0 G A.J. Lawson
73%
2 F Jonathan Mogbo
69%
32 F Trayce Jackson-Davis
62%
55 G Alijah Martin
58%
17 G-F Garett Temple
58%
24 G Chucky Hepburn
50%
3* G Chris Paul
38%
No matching quizzes found
Score Distribution
Percent of People with Each Score
Percentile by Number Answered
Your Score History
You have not taken this quiz since the last reset